000 00538nam a2200193Ia 4500
005 20250508162305.0
008 008 250505s9999 xx 000 0 eng d
037 _aTheses
040 _aFEDL
_beng
_cFEDL
041 _aeng
_2eng
084 _a370, KHA/TH
_qFEDL
100 _aKhanna Kailash
245 0 _aPreparation of reading material for girl dropouts in Delhi slums
260 _c1983
300 _a235p.
546 _aPh. D. Thesis, (Delhi University)
942 _cTH
_h370, KHA/TH
999 _c1375617
_d1375617